Dallas Stars Roster - Statistics

General Stats
  • This quiz has been taken 261 times
    150 since last reset
  • The average score is 8 of 21
Answer Stats
Hint Answer % Correct
14 Benn
99%
91 Seguin
91%
30 Bishop
75%
3 Klingberg
64%
47 Radulov
64%
90 Spezza
50%
12 Faksa
43%
23 Lindell
43%
32 Lehtonen
36%
13 Janmark
29%
28 Johns
28%
46 Smith
26%
33 Methot
25%
21 Roussel
25%
6 Honka
24%
10 Hanzal
23%
18 Pitlick
22%
25 Ritchie
22%
17 Shore
21%
2 Hamhuis
18%
29 Pateryn
14%
No matching quizzes found
Score Distribution
Percent of People with Each Score
Percentile by Number Answered
Your Score History
You have not taken this quiz since the last reset